01863 a2200241 450000100040000000500170000400800410002100300150006204000400007708000780011724500410019502000220023625000110025826400340026930000190030350510560032210000210137870000220139970000240142170000240144570000270146985601250149617220260407155414.0260407a2007 arg spa dAR-UNSa-BCEJYS aAR-UNSa-BCEJYSbspacAR-UNSa-BCEJYS a336.226.1xImpuestos a las ganancias o los beneficios (Impuesto Diferido)10aTratado del impuesto a las ganancias a978-987-01-0679-1 a2a. ed 1aBuenos Aires :bErreparc2007 a1041 p.c22 cm a1. Generalidades teóricas de la imposición sobre la renta - 2. Hecho imponible - 3. Exenciones - 4. Año fiscal e imputación - 5. Determinación del impuesto - 6. Salidas no documentadas - 7. Rentas de la primera categoría - 8. Rentas de la segunda categoría - 9. Rentas de la cuarta categoría - 10. Rentas de la tercera categoría - 11. Disposiciones de fondos y bienes - 12. Operaciones entre empresas vinculadas - 13. Empresas de construcción - 14. Valuación de inventarios - 15. Ajuste por inflación - 16. Operaciones en moneda extranjera - 17. Amortizaciones y deducciones por agotamiento - 18. Venta y reemplazo de bienes - 19. Distribuciones de utilidades - 20. Rescate de acciones y otras variaciones patrimoniales - 21. Reorganización de sociedades - 22. Operaciones, contratos e instrumentos financieros - 23. Beneficiarios en el exterior - 24. Rentas de fuente extranjera - 25. Convenios para aliviar o evitar la doble imposición internacional - 26. Liquidación e ingreso del impuesto - 27. Regímenes especiales1 aLorenzo, Armando1 aBechara, Fabián1 aCalcagno, Gabriel A1 aCavalli, César M.1 aEdelstein, Andrés M.41uhttps://biblioeco.unsa.edu.ar/pmb/images/libros/Tratado del Impuesto a las Ganancias .jpgyImagen de portadaqimage/jpeg